000 00796nam a2200205 4500
001 139260
003 ES-MaACL
005 20230906195735.0
007 t|
008 070214s1915 fr r ||||1| fre d
080 _a001(44)(074)
245 0 3 _aLa science française.
260 _aParis :
_bMinistère de l'Instruction Publique et des Beaux-Arts,
_c1915 (
_fImp. Larousse)
300 _a2 v., 35 lám. ;
_c23 x 15 cm.
500 _aPrecede al tít.: Exposition Universelle et Internationale de San Francisco.
500 _aLas h. de lám. todas con retratos de franceses ilustres.
710 2 _aFrancia.
_bMinistère de l'Instruction Publique et des Beaux-Arts.
_94166
711 1 _aExposition Universelle et Internationale de San Francisco (
_d1915?)
_9718
852 _aES-MaACL
_jB-326-327
999 _c139260
_d139260